000 01169nam0a22003011 4500
001 v19\rc\1646217
005 20061002130500.9
035 _a(NLR Aleph) 004758478
090 _a4571356
_c4571356
100 _a20061002d1887 |||y0rusy50 ca
101 0 _arus
102 _aRU
105 _aa z |||||
200 1 _aПищевое значение белков вываренного мяса и крови
_eДис. на степ. д-ра мед. лекаря Николая Макарова
_fИз Гигиенич. лаборатории проф. А.П. Доброславина
210 _aСанкт-Петербург
_cтип. Д-та уделов
_d1887
215 _a68 с., 5 л. табл.
_d24
700 1 _aМакаров
_bН. В.
_f1852-
_gНиколай Васильевич
702 1 _aДоброславин
_bА. П.
_f1842-1889
_gАлексей Петрович
_4570
801 0 _aRU
_bNLR
_gpsbo
801 0 _aRU
_bRuMoRGB
_2psbo
801 1 _aRU
_bProSoft-M
_2rusmarc
852 _aNLR
_j18.208.3.398
899 _aRuMoRGB
_jO 9/136
899 _aRuMoRGB
_jФ 1-52/4373
899 _aБАН
899 _aНБ СПбГУ
942 _cBOOK
980 _aNB